AH International Schools' Libraries

(KHMER) Why is it raining? / (Record no. 49767)

MARC details
000 -LEADER
fixed length control field 00297nam a2200109 4500
020 ## - INTERNATIONAL STANDARD BOOK NUMBER
International Standard Book Number 9789924999225
100 ## - MAIN ENTRY--PERSONAL NAME
Personal name Kong, Sokkeng
9 (RLIN) 86237
245 ## - TITLE STATEMENT
Title (KHMER) Why is it raining? /
Statement of responsibility, etc Sokkeng Kong
260 ## - PUBLICATION, DISTRIBUTION, ETC. (IMPRINT)
Place of publication, distribution, etc Cambodia
Name of publisher, distributor, etc S.J Metta Karuna
Date of publication, distribution, etc 2025
300 ## - PHYSICAL DESCRIPTION
Extent 25 p.
Other physical details col. ill.
Dimensions 22 cm.
942 ## - ADDED ENTRY ELEMENTS (KOHA)
Source of classification or shelving scheme
Koha item type Book
Holdings
Withdrawn status Lost status Source of classification or shelving scheme Damaged status Not for loan Collection code Home library Current library Shelving location Date acquired Total Checkouts Full call number Barcode Date last seen Price effective from Koha item type
          Siem Riep Asian Hope Siem Reap Asian Hope Siem Reap SECONDARY 11/17/2025   KHMER E KON 209429 11/17/2025 11/17/2025 Book

For any Logos Library related questions please contact Miss Art at swongnarasuk@asianhope.org.

For any Asian Hope Library related questions please contact Miss Raza at graza@asianhope.org.

Powered by Koha